World Capitals Containing the Letter F - Statistics

General Stats
  • This quiz has been taken 1,587 times
  • The average score is 5 of 6
Answer Stats
Continent Capital % Correct
Oceania Funafuti
93%
Africa Freetown
91%
Oceania Nuku'alofa
79%
Europe Sofia
79%
North America Port of Spain
72%
Africa Bloemfontein
69%
No matching quizzes found
Score Distribution
Percent of People with Each Score
Percentile by Number Answered
Your Score History
You have not taken this quiz